000 01525nam a2200349 i 4500
001 000024486
003 DO-SdBNP
005 20260416135323.0
007 ta
008 110128s2010 dr ad 001 0 spa d
020 _a9789945003222
040 _aDO-SdBNP
_bspa
_cBNPHU
_erda
041 _aspa
082 4 _a338.97293
_bM878r
_222
100 1 _aMorrison, Milton,
_d1975-
_eautor
_4aut.
_910874
245 1 3 _aLa riqueza diluida :
_bun crecimiento económico sin rostro humano /
_cMilton Morrison.
264 1 _aSanto Domingo, República Dominicana :
_bEditora Búho,
_c2010.
300 _a111 páginas :
_bilustraciones, gráficos ;
_c23 cm.
336 _atexto
_btxt
_2rdacontent
337 _asin mediación
_bn
_2rdamedia
338 _avolumen
_bnc
_2rdacarrier
500 _aIncluye datos biográficos del autor en la solapa de la cubierta.
504 _aBibliografía: páginas 103-111.
505 0 _aLa riqueza al desnudo --
_tInvestigación sobre la relación entre el crecimiento económico y la desigualdad del ingreso --
_tPentágono de la distribución de la riqueza para el desarrollo nacional --
_gReferencias bibliográficas.
590 _aInventariado, 2018/BT
650 4 _aCrecimiento económico
_zRepública Dominicana
_99572
650 4 _aCrecimiento económico nulo
_zRepública Dominicana
_950184
650 4 _aDesigualdad económica regional
_950185
650 4 _aDistribución (teoría económica)
_zRepública Dominicana
_950186
910 _aValidado. Control de calidad EMS.
942 _2ddc
_cLBS1
999 _c23979
_d23979